00821nam a22002417a 45000010005000000030006000050050017000110080041000280200015000690400029000840500008001130820010001211000029001312450084001602600055002443000037002995050007003365200128003435210027004715210018004986500022005167000041005389699FISKH20260130084941.0260130b cb ||||| |||| 00| 0 eng d a0241114756 aFISKHbengcFISKHdFISKH aPZ7 a362.1 aElliott, Evelyn eAuthor aMummy goes into hospital /cEvelyn Elliott ; photographs by Christopher Cormack aLondon :bHamish Hamilton Children's Books ,c1985 a25 pages :bphotographs ;c21 cm aJ  aMummy has to have an operation Daddy and the children take her to hospital, and look after the house until she comes home. 8 a500 bLexile estimate 8 aJ bRaz-Plus  aHospital vFamily aCormack, Christopher ePhotographer